00541nam a2200157Ia 4500008004100000082001000041100004500051245004600096260009000142300000700232365000600239520002300245630004600268650002300314730004600337100917s9999 xx 000 0 und d b62542 aकुलकर्णी गं. वि. aजे. कृष्णमुर्ति bना. वि. काकतकर संत कृपा प्रकाशनc1983 a62 b8 aचरित्र aजे. कृष्णमुर्ति aचरित्र aजे. कृष्णमुर्ति